000 00358nam a2200145Ia 4500
008 230917s9999||||xx |||||||||||||| ||und||
040 _e203958
_aMAIN
041 _aEnglish
082 _a359.0092 V459A
100 _aVats, M K
245 0 _aAdmirals of India
260 _aNew Delhi
_bPrashant Publishing House
_c2012
300 _av, 296 p.
942 _cBK
999 _c173625
_d173625